[Event "Vlissingen HZ op 23rd"]
[Site "Vlissingen"]
[Date "2019.08.06"]
[Round "5"]
[White "Hng, Mei En Emmanuelle"]
[Black "De Wilde, Rik"]
[Result "1/2-1/2"]
[WhiteElo "2026"]
[BlackElo "2169"]
[PlyCount "64"]
[EventDate "2019.08.03"]
[EventType "swiss"]
[EventRounds "9"]
[EventCountry "NED"]
[SourceTitle "CBM 191 Extra"]
[Source "ChessBase"]
[SourceDate "2019.09.30"]
[SourceVersion "1"]
[SourceVersionDate "2019.09.30"]
[SourceQuality "1"]

1. e4 e6 2. d4 d5 3. Nc3 Bb4 4. e5 c5 5. Bd2 Nh6 6. Nf3 Nc6 7. Bd3 cxd4 8. Nb5 Bxd2+ 9. Qxd2 0-0 10. Nbxd4 Nxd4 11. Nxd4 f6 12. f4 fxe5 13. fxe5 Qh4+ 14. g3 Qh5 15. Qe2 Qg5 16. Rf1 Rxf1+ 17. Kxf1 Bd7 18. Kg2 Ng4 19. Re1 Rf8 20. Nf3 Qe7 21. h3 Nh6 22. Nd4 Be8 23. Rf1 Rxf1 24. Qxf1 Bg6 25. Bxg6 hxg6 26. Qb5 Nf5 27. Nxf5 gxf5 28. h4 Qc7 29. Qe8+ Kh7 30. Qh5+ Kg8 31. Qe8+ Kh7 32. Qh5+ Kg8 1/2-1/2

[Event "Vlissingen HZ op 20th"]
[Site "Vlissingen"]
[Date "2016.08.07"]
[Round "2"]
[White "De Wilde, Rik"]
[Black "Rathnakaran, Kantholi"]
[Result "0-1"]
[WhiteElo "2153"]
[BlackElo "2452"]
[PlyCount "38"]
[EventDate "2016.08.06"]
[EventType "swiss"]
[EventRounds "9"]
[EventCountry "NED"]
[SourceTitle "CBM 173 Extra"]
[Source "ChessBase"]
[SourceDate "2016.08.29"]
[SourceVersion "1"]
[SourceVersionDate "2016.08.29"]
[SourceQuality "1"]

1. e4 c5 2. Nf3 Nc6 3. d4 cxd4 4. Nxd4 e6 5. Nxc6 bxc6 6. Bd3 Nf6 7. Qe2 d5 8. Nd2 Qc7 9. b3 Bd6 10. Bb2 Be5 11. Bxe5 Qxe5 12. 0-0 0-0 13. Rfe1 a5 14. a4 Bb7 15. Qe3 Ng4 16. Qh3 f5 17. exf5 Qd4 18. fxe6 Qxf2+ 19. Kh1 Qxe1+ 0-1

[Event "Vlissingen HZ op 18th"]
[Site "Vlissingen"]
[Date "2014.08.09"]
[Round "9"]
[White "Schippers, Maurice"]
[Black "De Wilde, Rik"]
[Result "1/2-1/2"]
[WhiteElo "2267"]
[BlackElo "2101"]
[PlyCount "61"]
[EventDate "2014.08.02"]
[EventType "swiss"]
[EventRounds "9"]
[EventCountry "NED"]
[SourceTitle "CBM 161 Extra"]
[Source "ChessBase"]
[SourceDate "2014.08.29"]
[SourceVersion "1"]
[SourceVersionDate "2014.08.29"]
[SourceQuality "1"]

1. e4 e6 2. d4 d5 3. Nd2 Nf6 4. e5 Nfd7 5. Bd3 c5 6. c3 Nc6 7. Ne2 cxd4 8. cxd4 f6 9. exf6 Nxf6 10. Nf3 Bd6 11. 0-0 Qc7 12. Bg5 0-0 13. Rc1 Nh5 14. Qc2 g6 15. Rfe1 Qg7 16. a3 Bd7 17. Be3 Rxf3 18. gxf3 Rf8 19. Ng3 Nf4 20. Bb5 Qf6 21. Bxf4 Bxf4 22. Rcd1 Nxd4 23. Rxd4 Bxb5 24. Rxf4 Qxf4 25. Rxe6 Qf7 26. Rd6 Bc6 27. b4 Qxf3 28. Rxg6+ hxg6 29. Qxg6+ Kh8 30. Qh6+ Kg8 31. Qg6+ 1/2-1/2

[Event "Vlissingen HZ op 18th"]
[Site "Vlissingen"]
[Date "2014.08.03"]
[Round "2"]
[White "De Wilde, Rik"]
[Black "Venkatesh, Marani Rajendran"]
[Result "0-1"]
[WhiteElo "2101"]
[BlackElo "2503"]
[PlyCount "46"]
[EventDate "2014.08.02"]
[EventType "swiss"]
[EventRounds "9"]
[EventCountry "NED"]
[SourceTitle "CBM 161 Extra"]
[Source "ChessBase"]
[SourceDate "2014.08.29"]
[SourceVersion "1"]
[SourceVersionDate "2014.08.29"]
[SourceQuality "1"]

1. e4 c5 2. Nf3 Nc6 3. d4 cxd4 4. Nxd4 Nf6 5. Nc3 d6 6. Be2 e5 7. Nb3 Be7 8. Be3 a5 9. 0-0 0-0 10. f3 Be6 11. Na4 d5 12. Nb6 d4 13. Nxa8 dxe3 14. Qxd8 Rxd8 15. Nc7 Bxb3 16. cxb3 Rd2 17. Bb5 Nd4 18. Rfd1 Rxb2 19. Rac1 e2 20. Rxd4 exd4 21. e5 Rc2 22. Re1 Bc5 23. Kh1 Bb4 0-1

[Event "Amsterdam Science Park op-A 3rd"]
[Site "Amsterdam"]
[Date "2013.07.14"]
[Round "8"]
[White "Kohler, Aran"]
[Black "De Wilde, Rik"]
[Result "0-1"]
[WhiteElo "2260"]
[BlackElo "2036"]
[PlyCount "72"]
[EventDate "2013.07.06"]
[EventType "swiss"]
[EventRounds "9"]
[EventCountry "NED"]
[SourceTitle "CBM 155 Extra"]
[Source "ChessBase"]
[SourceDate "2013.08.26"]
[SourceVersion "1"]
[SourceVersionDate "2013.08.26"]
[SourceQuality "1"]

1. d4 e6 2. c3 d5 3. Bf4 Bd6 4. e3 Nf6 5. Nd2 0-0 6. Bd3 b6 7. Bg5 Ba6 8. Bc2 e5 9. dxe5 Bxe5 10. f4 Bd6 11. Qf3 Re8 12. 0-0-0 Nbd7 13. e4 dxe4 14. Nxe4 h6 15. Nxd6 cxd6 16. Bh4 Nc5 17. Rd2 Bb7 18. Qd1 d5 19. Nf3 Nce4 20. Rd4 Qc7 21. Bg3 Rac8 22. Re1 Qc5 23. Ne5 Re7 24. Re3 b5 25. Bh4 Rec7 26. a3 a5 27. g4 b4 28. axb4 axb4 29. Bxf6 gxf6 30. Nd7 Rxd7 31. Rexe4 bxc3 32. Re2 cxb2+ 33. Kb1 Ba6 34. Rg2 Bc4 35. g5 Qa3 36. gxf6+ Kh8 0-1

[Event "Amsterdam Science Park op-A 3rd"]
[Site "Amsterdam"]
[Date "2013.07.12"]
[Round "7"]
[White "De Wilde, Rik"]
[Black "Timmermans, Mark"]
[Result "1/2-1/2"]
[WhiteElo "2036"]
[BlackElo "2270"]
[PlyCount "46"]
[EventDate "2013.07.06"]
[EventType "swiss"]
[EventRounds "9"]
[EventCountry "NED"]
[SourceTitle "CBM 155 Extra"]
[Source "ChessBase"]
[SourceDate "2013.08.26"]
[SourceVersion "1"]
[SourceVersionDate "2013.08.26"]
[SourceQuality "1"]

1. e4 e5 2. Nf3 Nc6 3. Bc4 Nf6 4. d3 Be7 5. c3 0-0 6. Nbd2 d6 7. Nf1 Na5 8. Bb3 Nxb3 9. Qxb3 c5 10. Ng3 Qb6 11. Bd2 Be6 12. c4 Qxb3 13. axb3 b5 14. Ke2 Rfb8 15. Ra2 h6 16. Rha1 Rb7 17. h3 b4 18. Nh4 Ne8 19. Nhf5 Bd8 20. Ra6 Bb6 21. h4 Rd8 22. Ne3 g6 23. h5 Ng7 1/2-1/2

[Event "Amsterdam Science Park op-A 3rd"]
[Site "Amsterdam"]
[Date "2013.07.06"]
[Round "1"]
[White "Von Meijenfeldt, Bart"]
[Black "De Wilde, Rik"]
[Result "1/2-1/2"]
[WhiteElo "2184"]
[BlackElo "2036"]
[PlyCount "119"]
[EventDate "2013.07.06"]
[EventType "swiss"]
[EventRounds "9"]
[EventCountry "NED"]
[SourceTitle "CBM 155 Extra"]
[Source "ChessBase"]
[SourceDate "2013.08.26"]
[SourceVersion "1"]
[SourceVersionDate "2013.08.26"]
[SourceQuality "1"]

1. Nf3 e6 2. b3 b6 3. g3 Bb7 4. Bg2 Nf6 5. Bb2 Be7 6. d3 0-0 7. e4 d5 8. e5 Nfd7 9. 0-0 c5 10. Nfd2 Qc7 11. f4 Nc6 12. Nf3 d4 13. Nbd2 f6 14. exf6 Bxf6 15. Ne4 e5 16. Bc1 Nb4 17. Qe2 Rae8 18. a3 Nd5 19. f5 h6 20. Bd2 Bd8 21. g4 Nf4 22. Qf2 Bxe4 23. dxe4 Nf6 24. Bxf4 exf4 25. Qe2 Nxe4 26. Nxd4 cxd4 27. Bxe4 Kh8 28. Qf3 Bf6 29. Bd3 Bg5 30. Rae1 Qc3 31. Re6 Rxe6 32. fxe6 Qd2 33. Rf2 Qe3 34. Kg2 Qxe6 35. Re2 Qf6 36. Bc4 Qg6 37. Re4 Re8 38. Bd3 Rxe4 39. Bxe4 Qe6 40. Bd3 g6 41. Bc4 Qd7 42. Qa8+ Bd8 43. Kf3 h5 44. h3 hxg4+ 45. hxg4 Qe7 46. Qe4 Qxe4+ 47. Kxe4 Be7 48. a4 Bc5 49. Kxf4 Kg7 50. Ke5 Kh6 51. Kf6 g5 52. Bd3 a5 53. Bc4 Bb4 54. Kf7 Ba3 55. Ke6 Bc5 56. Ke5 Kg7 57. Bd3 Kh6 58. Kd5 Kg7 59. b4 Bxb4 60. Kxd4 1/2-1/2

[Event "Dieren op"]
[Site "Dieren"]
[Date "2010.08.05"]
[Round "9"]
[White "Klein, David"]
[Black "De Wilde, Rik"]
[Result "1-0"]
[WhiteElo "2297"]
[BlackElo "1956"]
[PlyCount "111"]
[EventDate "2010.07.27"]
[EventType "swiss"]
[EventRounds "9"]
[EventCountry "NED"]
[SourceTitle "CBM 137 Extra"]
[Source "ChessBase"]
[SourceDate "2010.09.01"]
[SourceVersion "1"]
[SourceVersionDate "2010.09.01"]
[SourceQuality "1"]

1. e4 e6 2. d4 d5 3. Nd2 Nf6 4. e5 Nfd7 5. c3 c5 6. Bd3 Nc6 7. Ngf3 Be7 8. 0-0 g5 9. dxc5 Ndxe5 10. Nxe5 Nxe5 11. Nb3 Qc7 12. f4 Bxc5+ 13. Nxc5 Qxc5+ 14. Kh1 Nxd3 15. Qxd3 Bd7 16. Be3 Bb5 17. Qd2 Qe7 18. Rf2 g4 19. f5 Rg8 20. Bf4 h5 21. fxe6 fxe6 22. Be5 Qc5 23. Bd4 Qd6 24. a4 Bc4 25. b3 Ba6 26. Qe3 g3 27. Rf6 0-0-0 28. Rxe6 Qf8 29. hxg3 h4 30. gxh4 Bf1 31. Rf6 Bxg2+ 32. Kh2 Qe8 33. Bxa7 Qxe3 34. Bxe3 Rde8 35. Bg5 Re2 36. Kg3 Be4 37. Rc1 Kd7 38. Kh3 Bg2+ 39. Kg4 Be4 40. Rcf1 Rg2+ 41. Kh3 Rc2 42. Rf7+ Kc8 43. Rf8+ Rxf8 44. Rxf8+ Kc7 45. Bf6 Ra2 46. Be5+ Kd7 47. Rb8 Ke6 48. Bd4 Kf5 49. Rf8+ Kg6 50. Rf6+ Kh5 51. Be3 Bg6 52. Rf8 Bh7 53. Rh8 Kg6 54. h5+ Kg7 55. Rb8 Kf6 56. Rxb7 1-0

[Event "Spijkenisse op"]
[Site "Spijkenisse"]
[Date "2010.05.16"]
[Round "5"]
[White "De Wilde, Rik"]
[Black "Both, Erik"]
[Result "1/2-1/2"]
[WhiteElo "2043"]
[BlackElo "2143"]
[PlyCount "77"]
[EventDate "2010.05.14"]
[EventType "swiss"]
[EventRounds "6"]
[EventCountry "NED"]
[SourceTitle "CBM 136 Extra"]
[Source "ChessBase"]
[SourceDate "2010.07.02"]
[SourceVersion "2"]
[SourceVersionDate "2010.07.15"]
[SourceQuality "1"]

1. e4 c5 2. Nf3 g6 3. c3 d5 4. exd5 Qxd5 5. d4 Bg7 6. Na3 cxd4 7. Nb5 Na6 8. Be3 Bd7 9. Nbxd4 Nf6 10. h3 0-0 11. Be2 Nc5 12. 0-0 a6 13. Qc1 e5 14. Nb3 Nxb3 15. axb3 e4 16. Rd1 Qh5 17. Nd4 Qe5 18. Bf4 Qe7 19. Bh6 Rfe8 20. Bxg7 Kxg7 21. Qe3 Rad8 22. c4 h6 23. Rd2 Kh7 24. Re1 Qe5 25. Bd1 Nh5 26. Bxh5 Qxh5 27. Qf4 g5 28. Qf6 Qg6 29. Qxg6+ Kxg6 30. Nc2 Bc6 31. Rxd8 Rxd8 32. Nb4 f5 33. Nxc6 bxc6 34. g4 c5 35. Ra1 Rd6 36. Ra5 Rc6 37. Kf1 Kf6 38. Ke2 Ke5 39. Ke3 1/2-1/2

[Event "Enschede op-A U18"]
[Site "Enschede"]
[Date "2009.08.05"]
[Round "7"]
[White "De Wilde, Rik"]
[Black "Tempelman, Kristianne"]
[Result "1-0"]
[WhiteElo "1937"]
[BlackElo "1902"]
[PlyCount "55"]
[EventDate "2009.08.03"]
[EventType "swiss"]
[EventRounds "9"]
[EventCountry "NED"]
[SourceTitle "CBM 132 Extra"]
[Source "ChessBase"]
[SourceDate "2009.11.03"]
[SourceVersion "1"]
[SourceVersionDate "2009.11.03"]
[SourceQuality "1"]

1. e4 c5 2. Nf3 Nc6 3. d4 cxd4 4. Nxd4 Nf6 5. Nc3 e5 6. Ndb5 d6 7. Bg5 a6 8. Na3 b5 9. Nd5 Be7 10. Bxf6 Bxf6 11. c3 Bg5 12. Nc2 0-0 13. a4 bxa4 14. Rxa4 a5 15. Bc4 Rb8 16. b3 Kh8 17. h4 Bf4 18. Qf3 Be6 19. Nce3 Bxe3 20. fxe3 Bd7 21. Ra2 a4 22. Rxa4 Na5 23. Rb4 Nxc4 24. Rxb8 Qxb8 25. bxc4 Qb1+ 26. Kf2 Qc2+ 27. Kg3 Be6 28. h5 1-0

[Event "Enschede op-A U18"]
[Site "Enschede"]
[Date "2009.08.04"]
[Round "3"]
[White "De Wilde, Rik"]
[Black "Rieksen, Koen"]
[Result "1/2-1/2"]
[WhiteElo "1937"]
[BlackElo "1745"]
[PlyCount "76"]
[EventDate "2009.08.03"]
[EventType "swiss"]
[EventRounds "9"]
[EventCountry "NED"]
[SourceTitle "CBM 132 Extra"]
[Source "ChessBase"]
[SourceDate "2009.11.03"]
[SourceVersion "1"]
[SourceVersionDate "2009.11.03"]
[SourceQuality "1"]

1. e4 c5 2. Nf3 d6 3. c3 e6 4. Bd3 Nc6 5. 0-0 Be7 6. Re1 a6 7. Bc2 Nf6 8. d4 cxd4 9. cxd4 0-0 10. Nc3 b5 11. Bg5 Bb7 12. Rc1 Rc8 13. d5 Ne5 14. Nxe5 dxe5 15. dxe6 fxe6 16. Bb3 Rc6 17. Bxf6 Bxf6 18. Qg4 Qc8 19. Ne2 Kh8 20. Rxc6 Qxc6 21. Ng3 Bc8 22. Nh5 Qb6 23. h3 a5 24. a3 a4 25. Ba2 b4 26. axb4 Qxb4 27. Rd1 Qxb2 28. Bxe6 Bxe6 29. Qxe6 a3 30. Nxf6 gxf6 31. Qe7 Kg8 32. Kh2 Qxf2 33. Qxa3 Qf4+ 34. Qg3+ Qxg3+ 35. Kxg3 Kg7 36. Rd7+ Kg6 37. Kg4 Ra8 38. h4 h5+ 1/2-1/2

[Event "Twente Young Master op-A"]
[Site "Twente"]
[Date "2007.08.10"]
[Round "7"]
[White "De Wilde, Rik"]
[Black "Bomans, Arno"]
[Result "1/2-1/2"]
[WhiteElo "1845"]
[BlackElo "1696"]
[PlyCount "57"]
[EventDate "2007.08.06"]
[EventType "swiss"]
[EventRounds "9"]
[EventCountry "NED"]
[SourceTitle "EXT 2008"]
[Source "ChessBase"]
[SourceDate "2007.11.25"]
[SourceVersion "1"]
[SourceVersionDate "2007.11.25"]
[SourceQuality "1"]

1. e4 Nc6 2. d4 e5 3. Nf3 exd4 4. Nxd4 Bc5 5. Be3 Qf6 6. c3 Nge7 7. Bc4 a6 8. 0-0 0-0 9. f4 b5 10. Be2 d5 11. e5 Qh6 12. Qd2 Bxd4 13. cxd4 Nf5 14. Bf2 Nd8 15. g4 Ne7 16. Be3 f5 17. exf6 Qxf6 18. f5 Qb6 19. Nc3 Bb7 20. Bd3 Nc8 21. Qg2 Re8 22. Rae1 Rxe3 23. Rxe3 Qxd4 24. Qf2 Qf6 25. Rg3 Nf7 26. Re1 Ncd6 27. Re6 Qg5 28. Qe2 Qc1+ 29. Nd1 1/2-1/2

[Event "Twente Young Master op-A"]
[Site "Twente"]
[Date "2007.08.07"]
[Round "3"]
[White "De Wilde, Rik"]
[Black "Kleijn, Christov"]
[Result "0-1"]
[WhiteElo "1845"]
[BlackElo "2271"]
[PlyCount "72"]
[EventDate "2007.08.06"]
[EventType "swiss"]
[EventRounds "9"]
[EventCountry "NED"]
[SourceTitle "EXT 2008"]
[Source "ChessBase"]
[SourceDate "2007.11.25"]
[SourceVersion "1"]
[SourceVersionDate "2007.11.25"]
[SourceQuality "1"]

1. e4 c5 2. Nf3 d6 3. c3 Nf6 4. h3 Nbd7 5. Bd3 e6 6. Bc2 Be7 7. 0-0 0-0 8. Re1 a6 9. d4 e5 10. Bg5 b5 11. Nbd2 Bb7 12. Nf1 Re8 13. Ng3 Bf8 14. Nh5 h6 15. dxe5 dxe5 16. Bxf6 Nxf6 17. Qxd8 Rexd8 18. Nxf6+ gxf6 19. Rad1 c4 20. Nh4 a5 21. Nf5 Bc6 22. Ne3 Bc5 23. Nd5 f5 24. Nf6+ Kg7 25. Nh5+ Kg6 26. exf5+ Kxh5 27. Rxe5 Rg8 28. Rxc5 Rxg2+ 29. Kf1 Bf3 30. f6+ Rg5 31. Rxg5+ Kxg5 32. Rd6 Re8 33. Rb6 Kh4 34. Bf5 Rd8 35. Bc2 Rd2 36. Ke1 Re2+ 0-1

[Event "Twente Young Master op-A"]
[Site "Twente"]
[Date "2007.08.06"]
[Round "2"]
[White "De Wilde, Rik"]
[Black "Muhren, Yvette"]
[Result "1/2-1/2"]
[WhiteElo "1845"]
[BlackElo "1613"]
[PlyCount "57"]
[EventDate "2007.08.06"]
[EventType "swiss"]
[EventRounds "9"]
[EventCountry "NED"]
[SourceTitle "EXT 2008"]
[Source "ChessBase"]
[SourceDate "2007.11.25"]
[SourceVersion "1"]
[SourceVersionDate "2007.11.25"]
[SourceQuality "1"]

1. e4 e5 2. Nf3 Nc6 3. Bc4 Nf6 4. Ng5 d5 5. exd5 Na5 6. Bb5+ c6 7. dxc6 bxc6 8. Qf3 Bd7 9. Bd3 Bd6 10. Nc3 Bg4 11. Qe3 0-0 12. f3 Bd7 13. Nce4 Nd5 14. Qf2 Be7 15. Nxh7 Re8 16. h4 f6 17. Nhg5 fxg5 18. hxg5 Bxg5 19. Nxg5 Qxg5 20. Bh7+ Kf7 21. d3 Qf6 22. Bd2 Nb7 23. 0-0-0 Nd6 24. g4 Reb8 25. g5 Qe6 26. Qh4 Nf5 27. Bxf5 Qxf5 28. Rdg1 Rb7 29. f4 1/2-1/2

[Event "Twente Young Master op-A"]
[Site "Twente"]
[Date "2007.08.06"]
[Round "1"]
[White "Sarrau, Jelle"]
[Black "De Wilde, Rik"]
[Result "1/2-1/2"]
[WhiteElo "2202"]
[BlackElo "1845"]
[PlyCount "37"]
[EventDate "2007.08.06"]
[EventType "swiss"]
[EventRounds "9"]
[EventCountry "NED"]
[SourceTitle "EXT 2008"]
[Source "ChessBase"]
[SourceDate "2007.11.25"]
[SourceVersion "1"]
[SourceVersionDate "2007.11.25"]
[SourceQuality "1"]

1. e4 e6 2. d4 d5 3. Nc3 Bb4 4. e5 c5 5. a3 Bxc3+ 6. bxc3 Ne7 7. Nf3 Nbc6 8. Be2 0-0 9. 0-0 f6 10. a4 fxe5 11. Nxe5 Nxe5 12. dxe5 Nc6 13. f4 b6 14. c4 d4 15. Bd3 Qe8 16. Bd2 Bb7 17. Rb1 Qf7 18. Qe2 g6 19. Qg4 1/2-1/2